[Event "SVK-chT5 A22 2223"]
[Site "Slovakia"]
[Date "2023.03.18"]
[Round "9.3"]
[White "Daniska, Jozef"]
[Black "Sido, Daniel"]
[Result "1/2-1/2"]
[WhiteElo "1260"]
[BlackElo "1533"]
[PlyCount "111"]
[EventDate "2022.10.15"]
[EventType "team-tourn"]
[EventRounds "9"]
[EventCountry "SVK"]
[SourceTitle "EXT 2024"]
[Source "ChessBase"]
[SourceDate "2023.10.10"]
[SourceVersion "1"]
[SourceVersionDate "2023.10.10"]
[SourceQuality "1"]
[WhiteTeam "Pecenady"]
[BlackTeam "Topolniky Vrakun II"]
[WhiteTeamCountry "SVK"]
[BlackTeamCountry "SVK"]

1. e4 e5 2. Nf3 Nc6 3. d4 f6 4. c3 Bd6 5. Be2 a6 6. 0-0 b5 7. d5 Nce7 8. b3 c6 9. Ba3 Bxa3 10. Nxa3 d6 11. Nc2 c5 12. c4 b4 13. h3 Nh6 14. Nh2 0-0 15. Ne3 f5 16. exf5 Nexf5 17. Nxf5 Nxf5 18. Bg4 Ra7 19. Qd3 Raf7 20. Qe4 g6 21. Rad1 h5 22. Be2 Nh4 23. Nf3 Rf4 24. Qc2 Bf5 25. Qd2 Be4 26. Nxh4 Qxh4 27. f3 Bf5 28. Bd3 Qg3 29. Bxf5 R8xf5 30. Qe2 Rg5 31. Rf2 Qxh3 32. Rdf1 Rg3 33. Qc2 Kg7 34. Qe2 h4 35. Qb2 Qc8 36. Kh2 Qf5 37. Qe2 Qg5 38. Rh1 Qf5 39. Rhf1 g5 40. Qc2 Qd7 41. Qe2 Qf5 42. Qc2 Qf6 43. Qe2 Qg6 44. Qd2 Qf6 45. Qe2 Qg6 46. Qd2 Qf7 47. Qe2 Kh6 48. Rh1 Qf5 49. Rhf1 Kg6 50. Qc2 Qxc2 51. Rxc2 Kh5 52. Rcf2 Kg6 53. Rh1 Kf5 54. Kg1 Rd4 55. Kh2 Kf4 56. Re1 1/2-1/2

[Event "SVK-chT4 A22 1718"]
[Site "Slovakia"]
[Date "2017.11.26"]
[Round "5.3"]
[White "Sido, Daniel"]
[Black "Parak, Vladimir"]
[Result "0-1"]
[WhiteElo "1599"]
[BlackElo "1788"]
[PlyCount "96"]
[EventDate "2017.10.01"]
[EventType "team-tourn"]
[EventRounds "11"]
[EventCountry "SVK"]
[SourceTitle "EXT 2020"]
[Source "ChessBase"]
[SourceDate "2019.10.17"]
[SourceVersion "1"]
[SourceVersionDate "2019.10.17"]
[SourceQuality "1"]

1. e4 c6 2. a3 d5 3. Nc3 d4 4. Nce2 c5 5. h3 Nc6 6. d3 Qb6 7. Nf3 e5 8. c4 Bd6 9. Rb1 Nge7 10. Bd2 Bd7 11. Nc1 h6 12. Be2 f5 13. 0-0 fxe4 14. dxe4 Ng6 15. Bd3 0-0 16. Qe1 Nf4 17. Kh2 Be6 18. b3 Nxh3 19. Be2 Nf4 20. Bd1 Bxc4 21. Rg1 Be6 22. Ne2 Nd3 23. Qf1 Rf7 24. Bc2 Nf4 25. Rh1 Qd8 26. Kg1 Qf6 27. Ng3 a6 28. Nh4 Ne7 29. Bd1 b5 30. Bf3 Rc8 31. Nh5 Nxh5 32. Bxh5 Rff8 33. Qe2 c4 34. b4 c3 35. Be1 Bc4 36. Qc2 Qe6 37. Rh3 Ba2 38. Rc1 Rf6 39. Be2 Bb3 40. Qd3 Bc4 41. Qc2 Bxe2 42. Qxe2 Ng6 43. Nf5 Nf4 44. Qf3 Nxh3+ 45. gxh3 Bf8 46. Qd3 Qc4 47. Qf3 Kh7 48. Qg3 Rg6 0-1

[Event "SVK-chT4 A22 1718"]
[Site "Slovakia"]
[Date "2017.10.29"]
[Round "3.2"]
[White "Janas, Peter"]
[Black "Sido, Daniel"]
[Result "1-0"]
[WhiteElo "1737"]
[BlackElo "1614"]
[PlyCount "71"]
[EventDate "2017.10.01"]
[EventType "team-tourn"]
[EventRounds "11"]
[EventCountry "SVK"]
[SourceTitle "EXT 2020"]
[Source "ChessBase"]
[SourceDate "2019.10.17"]
[SourceVersion "1"]
[SourceVersionDate "2019.10.17"]
[SourceQuality "1"]

1. Nf3 Nc6 2. d4 d5 3. Bf4 h6 4. c4 e6 5. Nc3 a6 6. e3 Nf6 7. Ne5 Ne4 8. Nxc6 Nxc3 9. Qc2 bxc6 10. Qxc3 Bd6 11. Bxd6 Qxd6 12. Be2 Qe7 13. cxd5 cxd5 14. Qc6+ Kd8 15. Qxa8 Qb4+ 16. Kd1 Qxb2 17. Rc1 Qxa2 18. Qc6 Qa5 19. Bd3 Bd7 20. Qxa6 Ba4+ 21. Ke2 Qxa6 22. Bxa6 Kd7 23. Rc5 Ra8 24. Bb5+ Bxb5+ 25. Rxb5 Kc8 26. Rc1 Ra7 27. Rc2 Ra6 28. g4 Ra8 29. h4 Ra6 30. Rbc5 Ra7 31. f4 Kd7 32. Kf3 Kd6 33. R2c3 f5 34. gxf5 exf5 35. Rc6+ Kd7 36. Rg6 1-0

[Event "SVK-chT4 A22 1617"]
[Site "Slovakia"]
[Date "2017.01.29"]
[Round "8.5"]
[White "Minarik, Jozef"]
[Black "Sido, Daniel"]
[Result "1/2-1/2"]
[WhiteElo "1213"]
[BlackElo "1634"]
[PlyCount "60"]
[EventDate "2016.10.09"]
[EventType "team-tourn"]
[EventRounds "11"]
[EventCountry "SVK"]
[SourceTitle "EXT 2020"]
[Source "ChessBase"]
[SourceDate "2019.10.17"]
[SourceVersion "1"]
[SourceVersionDate "2019.10.17"]
[SourceQuality "1"]

1. e4 e5 2. Nf3 Nc6 3. Bc4 h6 4. 0-0 Bc5 5. c3 d6 6. h3 a6 7. a4 Nf6 8. d3 Qe7 9. Nbd2 Be6 10. Re1 0-0 11. Bxe6 Qxe6 12. Nc4 Nh7 13. Be3 Ba7 14. Bxa7 Rxa7 15. Ne3 Raa8 16. Nd5 Rac8 17. Nh4 Ne7 18. Ne3 f5 19. Nhxf5 Nxf5 20. Nxf5 Rf7 21. Qg4 Rcf8 22. Re3 Rxf5 23. exf5 Qxf5 24. Qxf5 Rxf5 25. Ree1 Nf8 26. f3 Nd7 27. Rad1 Kf7 28. d4 exd4 29. Rxd4 Nc5 30. Kf2 a5 1/2-1/2

[Event "SVK-chT4 A22 1516"]
[Site "Slovakia"]
[Date "2016.02.07"]
[Round "8.6"]
[White "Sido, Daniel"]
[Black "Ganzova, Veronika"]
[Result "1/2-1/2"]
[WhiteElo "1646"]
[BlackElo "1728"]
[PlyCount "43"]
[EventDate "2015.10.04"]
[EventType "team-tourn"]
[EventRounds "11"]
[EventCountry "SVK"]
[SourceTitle "EXT 2020"]
[Source "ChessBase"]
[SourceDate "2019.10.17"]
[SourceVersion "1"]
[SourceVersionDate "2019.10.17"]
[SourceQuality "1"]

1. e4 e5 2. Bc4 Nf6 3. Nc3 Nc6 4. a3 Be7 5. h3 Nxe4 6. Nxe4 d5 7. Bd3 dxe4 8. Bxe4 Qd6 9. c3 0-0 10. Qh5 g6 11. Qd1 Bf6 12. Nf3 b6 13. 0-0 Bb7 14. Bc2 Rfe8 15. d3 Bg7 16. Bb3 Na5 17. Ba2 Rad8 18. b4 Nc6 19. Bc4 h6 20. Bb2 Qf6 21. Nd2 Ne7 22. Re1 1/2-1/2

[Event "SVK-chT4 A22 1516"]
[Site "Slovakia"]
[Date "2016.01.24"]
[Round "7.1"]
[White "Sido, Daniel"]
[Black "Takacs, David"]
[Result "1-0"]
[WhiteElo "1637"]
[BlackElo "1401"]
[PlyCount "45"]
[EventDate "2015.10.04"]
[EventType "team-tourn"]
[EventRounds "11"]
[EventCountry "SVK"]
[SourceTitle "EXT 2020"]
[Source "ChessBase"]
[SourceDate "2019.10.17"]
[SourceVersion "1"]
[SourceVersionDate "2019.10.17"]
[SourceQuality "1"]

1. e4 e5 2. Bc4 Nf6 3. Nc3 Nc6 4. a3 Bc5 5. d3 Bd4 6. Nge2 0-0 7. Nxd4 Nxd4 8. Bg5 h6 9. Be3 c5 10. 0-0 d6 11. h3 a6 12. f4 Re8 13. f5 b5 14. Ba2 Qc7 15. Nd5 Nxd5 16. Bxd5 Bb7 17. Bxb7 Qxb7 18. c3 Nc6 19. Qg4 Kh7 20. Qh5 Kg8 21. f6 Re6 22. Qh4 g6 23. Qxh6 1-0

[Event "SVK-chT4 A22 1415"]
[Site "Slovakia"]
[Date "2014.10.12"]
[Round "1.3"]
[White "Petras, Stefan"]
[Black "Sido, Daniel"]
[Result "1-0"]
[WhiteElo "1795"]
[BlackElo "1672"]
[PlyCount "134"]
[EventDate "2014.10.12"]
[EventType "team-tourn"]
[EventRounds "11"]
[EventCountry "SVK"]
[SourceTitle "EXT 2019"]
[Source "ChessBase"]
[SourceDate "2018.10.10"]
[SourceVersion "1"]
[SourceVersionDate "2018.10.10"]
[SourceQuality "1"]

1. e4 e5 2. Nf3 Nc6 3. Bc4 a6 4. 0-0 Bc5 5. a3 h6 6. Nc3 Nf6 7. Ba2 d6 8. h3 0-0 9. d3 Kh8 10. Bd2 Nh7 11. Nd5 f5 12. c3 f4 13. b4 Ba7 14. Bc1 Ne7 15. Nxe7 Qxe7 16. Bb2 Rf6 17. d4 Rg6 18. Kh2 Ng5 19. Nh4 Rf6 20. dxe5 dxe5 21. Qe2 b5 22. c4 Bb7 23. f3 Nf7 24. c5 Rf8 25. Nf5 Rxf5 26. exf5 c6 27. Rad1 Bc8 28. Bb1 Bb8 29. Qc2 Ng5 30. f6 gxf6 31. Qg6 Qg7 32. Qxg7+ Kxg7 33. Rd2 Be6 34. Bc2 Bc7 35. h4 Nf7 36. Rg1 Kh8 37. Rgd1 Kg7 38. Be4 Nd8 39. Rg1 f5 40. Bc2 Bd5 41. Re2 Kf6 42. Rge1 Nf7 43. a4 Ra8 44. Ra1 Bc4 45. Rd2 a5 46. axb5 cxb5 47. Rd7 a4 48. Rxc7 Rd8 49. Rd1 Re8 50. Bxf5 Kxf5 51. Rxf7+ Bxf7 52. Rd6 Re6 53. Rd8 Ra6 54. Rd3 Bc4 55. Rc3 h5 56. Kg1 Rg6 57. Kf2 Re6 58. Rxc4 bxc4 59. b5 e4 60. c6 e3+ 61. Ke2 Re8 62. b6 Rd8 63. c7 Rd2+ 64. Ke1 Rxb2 65. c8Q+ Ke5 66. Qc5+ Ke6 67. Qxc4+ Kd7 1-0

[Event "SVK-chT4 A22 1314"]
[Site "Slovakia"]
[Date "2014.03.09"]
[Round "10.5"]
[White "Lukacovic, Miroslav"]
[Black "Sido, Daniel"]
[Result "1-0"]
[WhiteElo "2003"]
[BlackElo "1692"]
[PlyCount "27"]
[EventDate "2013.10.06"]
[EventType "team-tourn"]
[EventRounds "11"]
[EventCountry "SVK"]
[SourceTitle "EXT 2015"]
[Source "ChessBase"]
[SourceDate "2014.11.20"]
[SourceVersion "1"]
[SourceVersionDate "2014.11.20"]
[SourceQuality "1"]
[WhiteTeam "Sered MSK"]
[BlackTeam "Gabcikovo Russel III"]
[WhiteTeamCountry "SVK"]
[BlackTeamCountry "SVK"]

1. d4 d5 2. c4 e5 3. dxe5 d4 4. Nf3 Nc6 5. g3 Bg4 6. Bg2 Qd7 7. 0-0 0-0-0 8. Bg5 Be7 9. Bxe7 Qxe7 10. Nbd2 Qe6 11. Qa4 a6 12. b4 Bh3 13. Ng5 Qf5 14. Bxh3 1-0

[Event "SVK-chT4 A22 1213"]
[Site "Slovakia"]
[Date "2013.03.17"]
[Round "11.2"]
[White "Sido, Daniel"]
[Black "Mackovic, Miroslav"]
[Result "0-1"]
[WhiteElo "1703"]
[BlackElo "1919"]
[PlyCount "58"]
[EventDate "2012.10.14"]
[EventType "team-tourn"]
[EventRounds "11"]
[EventCountry "SVK"]
[SourceTitle "EXT 2015"]
[Source "ChessBase"]
[SourceDate "2014.11.20"]
[SourceVersion "1"]
[SourceVersionDate "2014.11.20"]
[SourceQuality "1"]
[WhiteTeam "Gabcikovo Russel II"]
[BlackTeam "Trnava Modranka II"]
[WhiteTeamCountry "SVK"]
[BlackTeamCountry "SVK"]

1. e4 c5 2. Bc4 Nc6 3. a3 g6 4. d3 Bg7 5. Ne2 e6 6. 0-0 Nge7 7. Nbc3 a6 8. Be3 d5 9. exd5 exd5 10. Bxc5 dxc4 11. Bxe7 Nxe7 12. dxc4 Be6 13. Qxd8+ Rxd8 14. b3 Bf5 15. Ra2 Rd2 16. Rd1 Rxd1+ 17. Nxd1 0-0 18. c3 Rd8 19. Ne3 Rd3 20. g4 Be4 21. Ng3 Bf3 22. Ne2 Bxe2 23. Rxe2 Bxc3 24. Rc2 Bd4 25. Nd5 Nxd5 26. cxd5 Rxb3 27. Rc8+ Kg7 28. d6 Bf6 29. Rc7 Be5 0-1